Učitavanje...

Microsoft Windows Vista Unveiled /

Bibliografski detalji
Glavni autor: Mcfedries, Paul
Format: Printed Book
Izdano: Delhi: Pearson Education Inc., 2006.
Teme:
LEADER 00497cam a2200157ua 4500
020 |a 81-317-0466-1 
082 |a 005.432  |b MCF/W 
100 0 |a Mcfedries, Paul 
245 1 0 |a Microsoft Windows Vista Unveiled /  
260 |a Delhi:  |b Pearson Education Inc.,  |c 2006. 
300 |a 296p.. 
500 |a Includes index. 
650 0 |a Computer science 
942 |c BK 
999 |c 14262  |d 14262 
952 |0 0  |1 0  |4 0  |6 005_432000000000000_MCF  |7 0  |9 14867  |a KUCL  |b KUCL  |d 2014-05-23  |l 0  |o 005.432 MCF/  |p 16613  |r 2014-05-23  |w 2014-05-23  |y BK